Statistiques concernant Deuxiéme villes °6

Cliquez ici pour prendre le quiz!

Statistiques générales

  • Ce quiz a été pris 106 fois
  • Le résultat moyen est 7 sur 16

Statistiques - réponses

2éme villePays% Correct
MontrealCanada
100%
MarseilleFrance
100%
Tel AvivIsrael
99%
ThessaloniqueGrece
91%
FezMaroc
88%
KanoNigeria
48%
EspooFinlande
39%
Subang JayaMalaisie
34%
El AltoBolivie
30%
TartuEstonie
24%
SokodéTogo
18%
Santa AnaSalvador
16%
ZarqaJordan
13%
BitolaMacedoine
9%
Addu CityMaldives
7%
GitaramaRwanda
7%

Distribution des résultats

Percentile par nombre de réponses

% des personnes avec chaque résultat

Votre développement - résultats

Vous n’avez pas pris ce quiz